000 00210nam a2200085Ia 4500
008 120527s9999 xx 000 0 und d
100 _aGiovacchini, L.
245 _aA Narrative textbook of Psychology
942 _cBK
999 _c27538
_d27538